Energía solar: utilización y aprovechamiento

Enregistré dans:
Détails bibliographiques
Auteur principal: Acosta Rubio, José (Auteur)
Format: Livre
Langue:espagnol
Publié: Madrid Paraninfo 1983
Sujets:
Tags: Ajouter un tag
Pas de tags, Soyez le premier à ajouter un tag!

MARC

LEADER 00000nam a2200000 a 4500
001 UCW4676
003 CL-VaPUC
008 900618e19830000SP |||||||||||||||||spa|d
082 0 4 |a 621.47  |b ACO  |2 21 
100 0 |a Acosta Rubio, José  |e author  |9 309470 
245 1 0 |a Energía solar: utilización y aprovechamiento 
300 |a 138 p 
942 |c BK 
945 |d 19900618 00:00:00 
260 |a Madrid  |b Paraninfo  |c 1983 
650 7 |a ENERGIA SOLAR  |2 CL-VaPUC  |9 309471 
650 7 |a CALEFACCION SOLAR  |2 CL-VaPUC  |9 263347 
650 7 |a MAQUINAS SOLARES  |2 CL-VaPUC  |9 260537 
583 |a last modification  |c 19900618 00:00:00  |k Rodrigo Vera 
999 |c 218336  |d 218334 
952 |0 0  |1 0  |4 0  |6 621_470000000000000_ACO_1983  |7 0  |8 A  |9 207739  |a BIBEDU  |b BIBEDU  |d 2019-11-15  |i 2755653  |o 621.47 ACO 1983  |p 2755653  |r 2019-11-15  |w 2019-11-15  |y BK  |k EDU